[Event "Titled Tuesday intern op 12th Mar Early"]
[Site "Chess.com INT"]
[Date "2024.03.12"]
[Round "6"]
[White "Brady, Tyson"]
[Black "Koshulyan, Egor A"]
[Result "0-1"]
[WhiteElo "2078"]
[BlackElo "2176"]
[PlyCount "62"]
[EventDate "2024.03.12"]
[EventType "swiss (blitz)"]
[EventRounds "11"]
[EventCountry "USA"]
[SourceTitle "CB12_2024"]
[SourceDate "2023.10.01"]
[SourceVersion "1"]
[SourceVersionDate "2023.10.01"]
[SourceQuality "1"]

1. g3 h5 2. Bg2 h4 3. c4 c5 4. b3 Nc6 5. Bb2 d6 6. Nc3 Nf6 7. a3 Bf5 8. d3 Qd7 9. Nd5 h3 10. Bf3 Nxd5 11. cxd5 Nd4 12. e4 Nxf3+ 13. Qxf3 Bg4 14. Qf4 e5 15. Qd2 g6 16. f3 Bh6 17. Qc2 Bh5 18. g4 Bxg4 19. fxg4 Qxg4 20. Qf2 Qg2 21. Nxh3 Qxh3 22. Rf1 Bf4 23. Bc1 Rh4 24. Ra2 0-0-0 25. Bxf4 Rxf4 26. Qe2 Qh4+ 27. Kd1 Rh8 28. Rxf4 Qxf4 29. b4 Rh3 30. bxc5 Re3 31. Qd2 Qf1+ 0-1

[Event "Titled Tuesday intern op 12th Mar Early"]
[Site "Chess.com INT"]
[Date "2024.03.12"]
[Round "1"]
[White "Brady, Tyson"]
[Black "Paravyan, David"]
[Result "0-1"]
[WhiteElo "2078"]
[BlackElo "2612"]
[PlyCount "48"]
[EventDate "2024.03.12"]
[EventType "swiss (blitz)"]
[EventRounds "11"]
[EventCountry "USA"]
[SourceTitle "CB12_2024"]
[SourceDate "2023.10.01"]
[SourceVersion "1"]
[SourceVersionDate "2023.10.01"]
[SourceQuality "1"]

1. g3 Nf6 2. Bg2 c5 3. b3 d5 4. Bb2 Nc6 5. e3 e5 6. Ne2 Be7 7. d3 0-0 8. Nd2 Re8 9. h3 Be6 10. a3 Rc8 11. g4 d4 12. 0-0 Nd5 13. Bxd5 Qxd5 14. e4 Qd7 15. Ng3 Bg5 16. Nf3 Bf4 17. Bc1 g6 18. Ne2 Bxc1 19. Qxc1 Bxg4 20. hxg4 Qxg4+ 21. Ng3 Qxf3 22. Qh6 Nd8 23. Kh2 Qf4 24. Qh3 Ne6 0-1

[Event "Titled Tuesday intern op 12th Mar Early"]
[Site "Chess.com INT"]
[Date "2024.03.12"]
[Round "7"]
[White "Melillo, Lucius"]
[Black "Brady, Tyson"]
[Result "0-1"]
[WhiteElo "2274"]
[BlackElo "2078"]
[PlyCount "54"]
[EventDate "2024.03.12"]
[EventType "swiss (blitz)"]
[EventRounds "11"]
[EventCountry "USA"]
[SourceTitle "CB12_2024"]
[SourceDate "2023.10.01"]
[SourceVersion "1"]
[SourceVersionDate "2023.10.01"]
[SourceQuality "1"]

1. d4 b6 2. Bf4 Bb7 3. Nc3 g6 4. e4 Bg7 5. Nf3 d6 6. Be2 a6 7. h4 h6 8. a4 Nd7 9. Be3 e6 10. Qd2 Ne7 11. 0-0 f5 12. Bd3 Nf6 13. e5 Nfd5 14. Nxd5 Bxd5 15. Be2 Bb7 16. Rfd1 Nd5 17. c4 Nxe3 18. Qxe3 0-0 19. exd6 Qxd6 20. Ne5 f4 21. Qc3 c5 22. Nxg6 f3 23. Bxf3 Bxf3 24. gxf3 Bxd4 25. Nxf8 Qg3+ 26. Kh1 Qh3+ 27. Kg1 Bxc3 0-1

[Event "Dulles Cherry Blossom op 10th"]
[Site "Dulles"]
[Date "2023.05.29"]
[Round "8"]
[White "Brady, Tyson"]
[Black "Morefield, Jason P"]
[Result "0-1"]
[WhiteElo "2092"]
[BlackElo "2167"]
[PlyCount "58"]
[EventDate "2023.05.24"]
[EventType "swiss"]
[EventRounds "9"]
[EventCountry "USA"]
[SourceTitle "CBM 214 Extra"]
[Source "ChessBase"]
[SourceDate "2023.07.31"]
[SourceVersion "1"]
[SourceVersionDate "2023.07.31"]
[SourceQuality "1"]

1. e4 c5 2. Nf3 d6 3. Bb5+ Bd7 4. c4 Nf6 5. Nc3 g6 6. d4 cxd4 7. Nxd4 Bg7 8. h3 0-0 9. 0-0 a6 10. Bxd7 Nbxd7 11. Be3 Rc8 12. Qe2 Ne5 13. b3 b5 14. f4 Ned7 15. Rfd1 bxc4 16. e5 Nh5 17. exd6 exd6 18. bxc4 Nb6 19. Nd5 Re8 20. Nxb6 Qxb6 21. Qd3 Qb7 22. f5 Qe4 23. Bf2 Nf4 24. Qxe4 Rxe4 25. Kf1 Rxc4 26. Rac1 Rxc1 27. Rxc1 Bxd4 28. Rc4 Ne2 29. f6 h6 0-1

[Event "Dulles Cherry Blossom op 10th"]
[Site "Dulles"]
[Date "2023.05.25"]
[Round "2"]
[White "Brady, Tyson"]
[Black "Bora, Safal"]
[Result "0-1"]
[WhiteElo "2092"]
[BlackElo "2462"]
[PlyCount "108"]
[EventDate "2023.05.24"]
[EventType "swiss"]
[EventRounds "9"]
[EventCountry "USA"]
[SourceTitle "CBM 214 Extra"]
[Source "ChessBase"]
[SourceDate "2023.07.31"]
[SourceVersion "1"]
[SourceVersionDate "2023.07.31"]
[SourceQuality "1"]

1. e4 e5 2. Nf3 Nc6 3. Bb5 a6 4. Bxc6 dxc6 5. 0-0 Qf6 6. d4 exd4 7. Bg5 Qd6 8. Nxd4 Be7 9. Be3 Nh6 10. f3 f5 11. Bxh6 Qxh6 12. Nxf5 Bxf5 13. exf5 0-0 14. Qe2 Bc5+ 15. Kh1 Rxf5 16. Nc3 Bd6 17. g4 Rf7 18. Ne4 Raf8 19. Nxd6 cxd6 20. Rae1 Qh3 21. f4 h6 22. f5 h5 23. gxh5 Rxf5 24. Rxf5 Qxf5 25. h6 gxh6 26. Qe6+ Qxe6 27. Rxe6 Rf1+ 28. Kg2 Rc1 29. Re2 Kf7 30. Kg3 Rg1+ 31. Kf4 Kf6 32. a4 Rg5 33. b3 a5 34. c4 Rg1 35. Rb2 Rd1 36. Ke4 Re1+ 37. Kd3 Re5 38. b4 Ke6 39. bxa5 Rxa5 40. Rxb7 Rxa4 41. Rg7 Ra3+ 42. Ke4 Rh3 43. Rg6+ Ke7 44. Rg7+ Kf6 45. Rg2 Rh4+ 46. Kd3 Ke6 47. Re2+ Kd7 48. Rf2 Rh3+ 49. Ke4 Kc7 50. Kf5 Rh4 51. Rc2 Kb6 52. Rd2 Kc5 53. Ke6 Rxc4 54. Rxd6 Rd4 0-1

[Event "Titled Tuesday intern op 16th May Early"]
[Site "Chess.com INT"]
[Date "2023.05.16"]
[Round "8"]
[White "Goldin, Roman"]
[Black "Brady, Tyson"]
[Result "1-0"]
[WhiteElo "2322"]
[BlackElo "2092"]
[PlyCount "65"]
[EventDate "2023.05.16"]
[EventType "swiss (blitz)"]
[EventRounds "11"]
[EventCountry "USA"]
[SourceTitle "CBM 214 Extra"]
[Source "ChessBase"]
[SourceDate "2023.07.31"]
[SourceVersion "1"]
[SourceVersionDate "2023.07.31"]
[SourceQuality "1"]

1. e4 c5 2. Nf3 g6 3. Bc4 Nc6 4. d3 Bg7 5. a3 e6 6. 0-0 Nge7 7. Ba2 d5 8. Nc3 0-0 9. h3 a6 10. exd5 exd5 11. Bf4 Be6 12. Re1 h6 13. Qd2 Kh7 14. Bh2 Nf5 15. Ne2 Qd7 16. c3 g5 17. d4 cxd4 18. Nexd4 Nfxd4 19. cxd4 Rac8 20. Rad1 Bf5 21. Ne5 Qd8 22. g4 Bg6 23. Nxg6 fxg6 24. Be5 Nxe5 25. dxe5 Qb6 26. e6 Rce8 27. Bxd5 Rf4 28. Kg2 Bd4 29. Re2 Qc5 30. Bxb7 a5 31. f3 Qd6 32. Be4 a4 33. Qxd4 1-0

[Event "Titled Tuesday intern op 16th May Early"]
[Site "Chess.com INT"]
[Date "2023.05.16"]
[Round "6"]
[White "Vlajkovic, Stanko"]
[Black "Brady, Tyson"]
[Result "1-0"]
[WhiteElo "2168"]
[BlackElo "2092"]
[PlyCount "71"]
[EventDate "2023.05.16"]
[EventType "swiss (blitz)"]
[EventRounds "11"]
[EventCountry "USA"]
[SourceTitle "CBM 214 Extra"]
[Source "ChessBase"]
[SourceDate "2023.07.31"]
[SourceVersion "1"]
[SourceVersionDate "2023.07.31"]
[SourceQuality "1"]

1. d4 Nf6 2. Nc3 d5 3. Nf3 g6 4. Bf4 Bg7 5. e3 0-0 6. h3 c6 7. Be2 Bf5 8. 0-0 Ne4 9. Nxe4 Bxe4 10. Nd2 Bf5 11. c4 Nd7 12. cxd5 cxd5 13. Qb3 Nb6 14. a4 a5 15. Rfc1 Rc8 16. Qb5 Bd7 17. Qxa5 Rxc1+ 18. Rxc1 Nxa4 19. Qxd8 Rxd8 20. b3 Nb6 21. Rc7 Bc6 22. Rxe7 Bf8 23. Rc7 Bb4 24. Nf3 Rc8 25. Rxc8+ Nxc8 26. Ne5 Ne7 27. Nd3 Ba3 28. Kf1 f6 29. Ke1 g5 30. Bh2 Kf7 31. Kd2 Ke6 32. Kc3 Nc8 33. b4 Nb6 34. Kb3 Nc4 35. Nc5+ Ke7 36. Bxc4 1-0

[Event "Titled Tuesday intern op 09th May Early"]
[Site "Chess.com INT"]
[Date "2023.05.09"]
[Round "1"]
[White "Brady, Tyson"]
[Black "Starozhilov, Leonid"]
[Result "0-1"]
[WhiteElo "2092"]
[BlackElo "2313"]
[PlyCount "66"]
[EventDate "2023.05.09"]
[EventType "swiss (blitz)"]
[EventRounds "11"]
[EventCountry "USA"]
[SourceTitle "CBM 214 Extra"]
[Source "ChessBase"]
[SourceDate "2023.07.31"]
[SourceVersion "1"]
[SourceVersionDate "2023.07.31"]
[SourceQuality "1"]

1. e4 g6 2. d4 Bg7 3. Nf3 d6 4. Nc3 Nf6 5. Be2 0-0 6. 0-0 Bg4 7. h3 Bxf3 8. Bxf3 Nc6 9. Be3 e5 10. d5 Nd4 11. Bxd4 exd4 12. Qxd4 Nd7 13. Qd3 Nc5 14. Qc4 a6 15. a4 Re8 16. Rae1 h5 17. b4 Nd7 18. Bd1 a5 19. Nb5 axb4 20. Qxc7 Qxc7 21. Nxc7 Bc3 22. Re3 Nc5 23. Nxa8 Rxa8 24. g4 h4 25. Kg2 Rxa4 26. f4 f6 27. Bf3 Ra2 28. Re2 g5 29. e5 fxe5 30. fxg5 Kg7 31. Kh1 b6 32. Bg2 Bd4 33. Rf5 b3 0-1

[Event "Titled Tuesday intern op 09th May Early"]
[Site "Chess.com INT"]
[Date "2023.05.09"]
[Round "3"]
[White "Ingebretsen, Jens E"]
[Black "Brady, Tyson"]
[Result "0-1"]
[WhiteElo "2342"]
[BlackElo "2092"]
[PlyCount "68"]
[EventDate "2023.05.09"]
[EventType "swiss (blitz)"]
[EventRounds "11"]
[EventCountry "USA"]
[SourceTitle "CBM 214 Extra"]
[Source "ChessBase"]
[SourceDate "2023.07.31"]
[SourceVersion "1"]
[SourceVersionDate "2023.07.31"]
[SourceQuality "1"]

1. e4 c5 2. Nf3 Nc6 3. d4 cxd4 4. Nxd4 g6 5. Be3 Bg7 6. c3 Nf6 7. Nd2 0-0 8. Be2 d5 9. Nxc6 bxc6 10. Qc2 dxe4 11. Nxe4 Nxe4 12. Qxe4 Bf5 13. Qc4 Rb8 14. b4 Qd5 15. Qxd5 cxd5 16. Kd2 Rfc8 17. Rac1 a5 18. a3 axb4 19. cxb4 Bb2 20. Ba6 Bxc1+ 21. Rxc1 Rxc1 22. Kxc1 e5 23. Bc5 Ra8 24. Bb7 Rxa3 25. Kb2 Rd3 26. b5 d4 27. b6 Be6 28. Kc2 Rc3+ 29. Kb2 Rxc5 30. Ba6 Rc6 31. b7 Rb6+ 32. Ka3 Bd5 33. Ka4 Rxa6+ 34. Kb5 Bxb7 0-1

[Event "Charlotte Carolinas op"]
[Site "Charlotte"]
[Date "2022.06.11"]
[Round "2"]
[White "Brady, Tyson"]
[Black "Panchanathan, Magesh Chandran"]
[Result "1-0"]
[WhiteElo "2064"]
[BlackElo "2476"]
[PlyCount "99"]
[EventDate "2022.06.10"]
[EventType "swiss"]
[EventRounds "5"]
[EventCountry "USA"]
[SourceTitle "CBM 208 Extra"]
[Source "ChessBase"]
[SourceDate "2022.07.31"]
[SourceVersion "1"]
[SourceVersionDate "2022.07.31"]
[SourceQuality "1"]

1. e4 e5 2. Nf3 Nc6 3. Bb5 a6 4. Bxc6 dxc6 5. 0-0 f6 6. d4 exd4 7. Nxd4 c5 8. Ne2 Qxd1 9. Rxd1 Bd7 10. Nbc3 0-0-0 11. Be3 Re8 12. Rd2 b6 13. Rad1 Bc6 14. Nf4 Nh6 15. Nfd5 Nf7 16. Bf4 Ne5 17. Ne3 g6 18. Ncd5 Bg7 19. f3 Rhf8 20. h4 Rf7 21. h5 Bf8 22. Bxe5 fxe5 23. hxg6 hxg6 24. c4 Bh6 25. Rd3 Bd7 26. Kf2 Rh8 27. Nf6 Ba4 28. b3 Bxb3 29. axb3 Bxe3+ 30. Kxe3 Rxf6 31. Rd7 Rh2 32. Kf2 Re6 33. Rg7 Rh5 34. Rdd7 Rc6 35. Rd5 Rh1 36. Rxe5 Rb1 37. Re8+ Kb7 38. e5 b5 39. e6 Rb2+ 40. Kg3 Re2 41. Rxg6 bxc4 42. bxc4 a5 43. f4 a4 44. f5 a3 45. Rgg8 Ra6 46. Rb8+ Kc6 47. Ra8 Rxa8 48. Rxa8 a2 49. Kf3 Re5 50. g4 1-0

[Event "Dulles Cherry Blossom op"]
[Site "Dulles"]
[Date "2022.05.30"]
[Round "9"]
[White "Brady, Tyson"]
[Black "Prem, Pranav"]
[Result "1/2-1/2"]
[WhiteElo "2064"]
[BlackElo "2017"]
[PlyCount "60"]
[EventDate "2022.05.26"]
[EventType "swiss"]
[EventRounds "9"]
[EventCountry "USA"]
[SourceTitle "CBM 208 Extra"]
[Source "ChessBase"]
[SourceDate "2022.07.31"]
[SourceVersion "1"]
[SourceVersionDate "2022.07.31"]
[SourceQuality "1"]

1. e4 c5 2. Nf3 d6 3. Bb5+ Nd7 4. 0-0 a6 5. Bxd7+ Bxd7 6. d4 cxd4 7. Qxd4 e5 8. Qd3 h6 9. c4 b5 10. Na3 Qb8 11. Bd2 Nf6 12. cxb5 axb5 13. Bb4 d5 14. Bxf8 Kxf8 15. Qc3 b4 16. Qc5+ Kg8 17. Nc2 Kh7 18. Qxb4 Nxe4 19. Qxb8 Rhxb8 20. Nxe5 Rxb2 21. Nd4 Be8 22. f3 Nc3 23. Rf2 Rb4 24. Rc2 Ra3 25. Ne2 d4 26. Nxc3 dxc3 27. Rac1 f6 28. Ng4 Rb2 29. Rxc3 Raxa2 30. Ne3 Ba4 1/2-1/2

[Event "Dulles Cherry Blossom op"]
[Site "Dulles"]
[Date "2022.05.30"]
[Round "8"]
[White "Ling, Evan M"]
[Black "Brady, Tyson"]
[Result "1-0"]
[WhiteElo "2009"]
[BlackElo "2064"]
[PlyCount "61"]
[EventDate "2022.05.26"]
[EventType "swiss"]
[EventRounds "9"]
[EventCountry "USA"]
[SourceTitle "CBM 208 Extra"]
[Source "ChessBase"]
[SourceDate "2022.07.31"]
[SourceVersion "1"]
[SourceVersionDate "2022.07.31"]
[SourceQuality "1"]

1. d4 Nf6 2. c4 g6 3. Nc3 Bg7 4. e4 d6 5. Be2 0-0 6. Nf3 e5 7. 0-0 Nc6 8. d5 Ne7 9. b4 Nh5 10. Re1 f5 11. h3 Nf6 12. Bd3 h6 13. a4 f4 14. Nh2 g5 15. Be2 Ng6 16. c5 Rf7 17. Bd2 Bf8 18. cxd6 Bxd6 19. Ng4 Kg7 20. Nxf6 Qxf6 21. Bg4 Bxg4 22. Qxg4 Rh8 23. Qh5 Bxb4 24. a5 f3 25. g3 Qa6 26. Na4 Bxd2 27. Nc5 Qf6 28. Ne6+ Kh7 29. Red1 Bc3 30. Ra3 Nf8 31. Nxg5+ 1-0

[Event "Dulles Cherry Blossom op"]
[Site "Dulles"]
[Date "2022.05.27"]
[Round "2"]
[White "Pang, Brian"]
[Black "Brady, Tyson"]
[Result "1/2-1/2"]
[WhiteElo "1818"]
[BlackElo "2064"]
[PlyCount "53"]
[EventDate "2022.05.26"]
[EventType "swiss"]
[EventRounds "9"]
[EventCountry "USA"]
[SourceTitle "CBM 208 Extra"]
[Source "ChessBase"]
[SourceDate "2022.07.31"]
[SourceVersion "1"]
[SourceVersionDate "2022.07.31"]
[SourceQuality "1"]

1. d4 Nf6 2. Bf4 g6 3. Nf3 Bg7 4. e3 0-0 5. Be2 d6 6. h3 c5 7. 0-0 Be6 8. c3 Nc6 9. Nbd2 Qb6 10. Qb1 cxd4 11. exd4 Bf5 12. Nc4 Qc7 13. Qd1 Nd5 14. Bg3 h6 15. Bd3 Bxd3 16. Qxd3 Rac8 17. Rac1 Na5 18. Nxa5 Qxa5 19. a3 Rfe8 20. c4 Qa6 21. Nd2 Nb6 22. b4 Nd7 23. Nf3 e5 24. dxe5 Nxe5 25. Nxe5 dxe5 26. Rfd1 e4 27. Qb3 1/2-1/2

[Event "Dulles Colonial op 3rd"]
[Site "Dulles"]
[Date "2022.04.15"]
[Round "5"]
[White "Boros, Denes"]
[Black "Brady, Tyson"]
[Result "0-1"]
[WhiteElo "2430"]
[BlackElo "1975"]
[PlyCount "52"]
[EventDate "2022.04.13"]
[EventType "swiss"]
[EventRounds "9"]
[EventCountry "USA"]
[SourceTitle "CBM 207 Extra"]
[Source "ChessBase"]
[SourceDate "2022.05.31"]
[SourceVersion "1"]
[SourceVersionDate "2022.05.31"]
[SourceQuality "1"]

1. e4 c5 2. Nf3 Nc6 3. Nc3 g6 4. Bb5 Bg7 5. 0-0 d6 6. e5 dxe5 7. Bxc6+ bxc6 8. d3 c4 9. Re1 Bg4 10. h3 Bxf3 11. Qxf3 Qc7 12. dxc4 Rd8 13. Qe2 Nf6 14. Bg5 h6 15. Be3 0-0 16. Rad1 Nh5 17. Na4 Nf4 18. Bxf4 exf4 19. Rxd8 Rxd8 20. Qxe7 Qxe7 21. Rxe7 Rd1+ 22. Kh2 Rd2 23. c3 Bf6 24. Rc7 Bh4 25. Nc5 Rxf2 26. Ne4 Re2 0-1

[Event "Dulles Colonial op 3rd"]
[Site "Dulles"]
[Date "2022.04.15"]
[Round "4"]
[White "Brady, Tyson"]
[Black "Yim, Sung Ho"]
[Result "1/2-1/2"]
[WhiteElo "1975"]
[BlackElo "2246"]
[PlyCount "47"]
[EventDate "2022.04.13"]
[EventType "swiss"]
[EventRounds "9"]
[EventCountry "USA"]
[SourceTitle "CBM 207 Extra"]
[Source "ChessBase"]
[SourceDate "2022.05.31"]
[SourceVersion "1"]
[SourceVersionDate "2022.05.31"]
[SourceQuality "1"]

1. e4 e5 2. Nf3 Nc6 3. Bb5 g6 4. 0-0 Bg7 5. c3 a6 6. Ba4 Nge7 7. d4 exd4 8. cxd4 b5 9. Bb3 0-0 10. d5 Na5 11. Nc3 Nxb3 12. Qxb3 d6 13. h3 Rb8 14. Be3 c5 15. dxc6 Be6 16. Nd5 Nxc6 17. Rac1 Na5 18. Qb4 Nc4 19. Bd4 Bxd5 20. exd5 Re8 21. Bxg7 Kxg7 22. b3 Ne5 23. Nxe5 Rxe5 24. Qd4 1/2-1/2

[Event "Dulles Colonial op 3rd"]
[Site "Dulles"]
[Date "2022.04.14"]
[Round "3"]
[White "Su, Kevin"]
[Black "Brady, Tyson"]
[Result "0-1"]
[WhiteElo "1980"]
[BlackElo "1975"]
[PlyCount "116"]
[EventDate "2022.04.13"]
[EventType "swiss"]
[EventRounds "9"]
[EventCountry "USA"]
[SourceTitle "CBM 207 Extra"]
[Source "ChessBase"]
[SourceDate "2022.05.31"]
[SourceVersion "1"]
[SourceVersionDate "2022.05.31"]
[SourceQuality "1"]

1. e4 c5 2. Nf3 Nc6 3. d4 cxd4 4. Nxd4 g6 5. c4 Nf6 6. Nc3 d6 7. Be3 Ng4 8. Nxc6 bxc6 9. Qd2 Nxe3 10. Qxe3 Bg7 11. Be2 Rb8 12. Rb1 Qb6 13. Qxb6 axb6 14. 0-0 Bxc3 15. bxc3 Kd8 16. f4 Kc7 17. Rb2 Bd7 18. Bd1 Ra8 19. Bb3 Ra5 20. Rd2 Rc5 21. h3 h5 22. Kf2 Be6 23. Rd4 f6 24. Ke3 Bc8 25. Rf3 h4 26. Rf2 Rg8 27. Rf3 g5 28. f5 g4 29. Rf4 gxh3 30. gxh3 Rg3+ 31. Rf3 Rxf3+ 32. Kxf3 e6 33. fxe6 Bxe6 34. e5 fxe5 35. Rxh4 b5 36. Rh7+ Kb6 37. Ke3 bxc4 38. Bc2 Rb5 39. Rh6 Rb2 40. Be4 Bd5 41. Rxd6 Kc5 42. Rh6 Rxa2 43. Bf5 Ra3 44. Kd2 e4 45. h4 Ra2+ 46. Ke3 Rc2 47. Bxe4 Rxc3+ 48. Kd2 Rh3 49. Bf5 Rf3 50. Bg4 Rg3 51. Bd1 c3+ 52. Kc1 Rg1 53. Rh5 Kd4 54. Rg5 Rh1 55. Rg4+ Be4 56. h5 Kd5 57. Rg5+ Kd6 58. Rg8 c2 0-1

[Event "Dulles Cherry Blossom op"]
[Site "Dulles"]
[Date "2021.05.27"]
[Round "1"]
[White "Yu, Jennifer R"]
[Black "Brady, Tyson"]
[Result "1/2-1/2"]
[WhiteElo "2312"]
[BlackElo "1810"]
[PlyCount "92"]
[EventDate "2021.05.27"]
[EventType "swiss"]
[EventRounds "9"]
[EventCountry "USA"]
[SourceTitle "CBM 203 Extra"]
[Source "ChessBase"]
[SourceDate "2021.09.30"]
[SourceVersion "1"]
[SourceVersionDate "2021.09.30"]
[SourceQuality "1"]

1. d4 Nf6 2. c4 g6 3. g3 Bg7 4. Bg2 0-0 5. Nc3 d6 6. Nf3 Nbd7 7. 0-0 e5 8. e4 c6 9. Be3 Ng4 10. Bg5 Qb6 11. h3 exd4 12. Na4 Qa6 13. hxg4 b5 14. Nxd4 bxa4 15. Be7 Re8 16. Bxd6 Ne5 17. c5 Bxg4 18. f3 Bd7 19. Qd2 Qd3 20. Qxd3 Nxd3 21. Nc2 Nxb2 22. Rab1 Nc4 23. Rb7 Bc8 24. Rc7 Be6 25. f4 Rec8 26. Rxc8+ Rxc8 27. e5 f6 28. Nd4 Bd5 29. Bxd5+ cxd5 30. Re1 fxe5 31. fxe5 Re8 32. Nc6 d4 33. Rc1 Nb2 34. Nxd4 Nd3 35. Rc4 Nxe5 36. Rxa4 Nd3 37. Nb3 Re2 38. Rxa7 Bh6 39. Re7 Rxe7 40. Bxe7 Kf7 41. Bd6 Ke6 42. Kf1 Kd5 43. Ke2 Nb4 44. a3 Na6 45. Kd3 Bg7 46. Be7 Be5 1/2-1/2

[Event "Dulles Colonial op 2nd"]
[Site "Dulles"]
[Date "2021.04.03"]
[Round "3"]
[White "Brady, Tyson"]
[Black "Yanayt, Eugene"]
[Result "0-1"]
[WhiteElo "1868"]
[BlackElo "2079"]
[PlyCount "66"]
[EventDate "2021.04.02"]
[EventType "swiss"]
[EventRounds "5"]
[EventCountry "USA"]
[SourceTitle "CBM 202 Extra"]
[Source "ChessBase"]
[SourceDate "2021.07.31"]
[SourceVersion "1"]
[SourceVersionDate "2021.07.31"]
[SourceQuality "1"]

1. e4 c5 2. Nf3 d6 3. Bb5+ Nd7 4. 0-0 a6 5. Bxd7+ Bxd7 6. d4 cxd4 7. Qxd4 Rc8 8. Nc3 e5 9. Qd3 h6 10. Nd2 Qc7 11. f4 exf4 12. Rxf4 Be6 13. Nb3 Ne7 14. Nd4 Bc4 15. Qd1 g6 16. Be3 Bg7 17. Qd2 0-0 18. Rf2 Kh7 19. Nf3 b5 20. Rd1 Rcd8 21. Nd4 Qb7 22. b3 b4 23. Nce2 Bb5 24. Rdf1 Bxe2 25. Qxe2 Qxe4 26. Rxf7 Nf5 27. R1xf5 gxf5 28. Rxf8 Rxf8 29. Qd2 Re8 30. Bf2 Bxd4 31. Bxd4 Qe1+ 32. Qxe1 Rxe1+ 33. Kf2 Rc1 0-1

[Event "Charlotte Spring Classic"]
[Site "Charlotte"]
[Date "2021.03.27"]
[Round "3"]
[White "Fishbein, Alexander"]
[Black "Brady, Tyson"]
[Result "1-0"]
[WhiteElo "2438"]
[BlackElo "1766"]
[PlyCount "117"]
[EventDate "2021.03.26"]
[EventType "game"]
[EventRounds "5"]
[EventCountry "USA"]
[SourceTitle "CBM 201 Extra"]
[Source "ChessBase"]
[SourceDate "2021.05.31"]
[SourceVersion "1"]
[SourceVersionDate "2021.05.31"]
[SourceQuality "1"]

1. e4 c5 2. Nf3 g6 3. d4 cxd4 4. Nxd4 Bg7 5. c4 Nc6 6. Be3 Nf6 7. Nc3 0-0 8. Be2 d6 9. 0-0 Bd7 10. Qd2 Nxd4 11. Bxd4 Bc6 12. f3 Nd7 13. Be3 a5 14. b3 Nc5 15. Rab1 f5 16. exf5 gxf5 17. Nd5 e5 18. Bg5 Qb8 19. Rbd1 Ne6 20. Bh6 Rf7 21. Bxg7 Kxg7 22. Rf2 Nd4 23. Nb6 Ra7 24. Qg5+ Kh8 25. Rxd4 exd4 26. Qf4 Qd8 27. Nc8 Qxc8 28. Qxd4+ Kg8 29. Qxa7 Qd8 30. Qd4 Qe7 31. Bf1 Qe5 32. Rd2 Rd7 33. f4 Qe4 34. Qxe4 fxe4 35. Kf2 Kg7 36. Ke3 h5 37. g3 Kf6 38. Bg2 b5 39. Bxe4 Bxe4 40. Kxe4 bxc4 41. bxc4 Re7+ 42. Kf3 Re6 43. Rd5 h4 44. g4 a4 45. Ra5 Re1 46. g5+ Kg6 47. Rxa4 Rh1 48. Ra6 Rxh2 49. Rxd6+ Kf7 50. Kg4 Rxa2 51. Kxh4 Rc2 52. Rc6 Ke7 53. Kg4 Kd7 54. Ra6 Rxc4 55. g6 Ke7 56. Kg5 Rc1 57. Ra7+ Kf8 58. f5 Rf1 59. Kf6 1-0